000
00333nam a2200145Ia 4500
008
230718s9999 xx 000 0 und d
041
_a
Eng.
082
_a
396.066
_b
MUZ-L
100
_a
Muzammil, Muhammad
245
0
_a
Law Company
260
_a
Pakistan
_b
Mansoor book house
_c
2003
300
_a
188
650
_a
Law
999
_c
29428
_d
29428